Statistics for People with N Initials

Click here to take the quiz!

General Stats

  • This quiz has been taken 39,038 times
    (11,244 since last reset)
  • The average score is 13 of 21

Answer Stats

InitialsCluePerson% Correct
NATook a small step for man, but a giant leap for mankindNeil Armstrong
99%
NBConquered most of Europe in the early 1800sNapoleon Bonaparte
89%
NMAnti-apartheid leaderNelson Mandela
88%
NRFormer first lady who said "just say no to drugs"Nancy Reagan
84%
NS"These boots are made for walkin", sang this daughter of FrankNancy Sinatra
84%
ND"Sweet Caroline" singerNeil Diamond
80%
NP"Black Swan" actressNatalie Portman
77%
NCDiscovered that the Earth revolves around the SunNicolaus Copernicus
74%
NTA.C. power pioneer, namesake of an auto companyNikola Tesla
70%
NGWith his brother Liam, one of the singers of the band "Oasis"Noel Gallagher
66%
NKLeader of the Soviet Union, 1953–1964Nikita Khrushchev
65%
NYPartnered with Crosby, Stills & NashNeil Young
62%
NWIn America, his name is synonymous with dictionariesNoah Webster
58%
NIAustralian actress and singer of "Torn"Natalie Imbruglia
48%
NJ"Come Away With Me" singer, daughter of Ravi ShankarNorah Jones
43%
NN"48 Hrs." starNick Nolte
41%
NH"The Scarlet Letter" authorNathaniel Hawthorne
39%
NLEnglish cooking show hostNigella Lawson
37%
NOMustachioed comedian who starred as Ron Swanson in "Parks and Recreation"Nick Offerman
34%
NFComedic partner of Simon PeggNick Frost
33%
NEWrote and directed "Sleepless in Seattle"Nora Ephron
27%

Score Distribution

Percentile by Number Answered

Percent of People with Each Score

Your Score History

You have not taken this quiz since the last reset